3D kino. Monolitická železobetónová nosná konštrukcia.
Saved in:
| Main Author: | |
|---|---|
| Other Authors: | |
| Format: | Manuscript Book |
| Language: | Slovak |
| Published: |
2016
|
| Subjects: | |
| Online Access: | http://is.stuba.sk/zp/portal_zp.pl?podrobnosti=118113 https://opac.crzp.sk/?fn=detailBiblioForm&sid=427371B0090519B80143D321842E |
| Tags: |
No Tags, Be the first to tag this record!
|
MARC
| LEADER | 00000ntm a22000003a 4500 | ||
|---|---|---|---|
| 001 | stuzp59395 | ||
| 003 | SK-STU | ||
| 005 | 20231003123020.3 | ||
| 007 | ta | ||
| 008 | 150427s2015----xo-----f-mn---000-0-slo-d | ||
| 040 | |a STU |b slo | ||
| 041 | 0 | |a slo | |
| 100 | 1 | |a Pauhof, Lukáš |u 010110 |4 aut |U SvF Stavebná fakulta |T SvF Katedra betónových konštrukcií a mostov |X 7738 |U V110 |Y 11 |7 A000007738 | |
| 242 | 0 | 1 | |a 3D Cinema. Reinforced concrete structure |y eng |
| 245 | 1 | 0 | |a 3D kino. Monolitická železobetónová nosná konštrukcia. |
| 260 | |c 2016 | ||
| 650 | 4 | |a 3D |2 slo | |
| 650 | 4 | |a kino |2 slo | |
| 650 | 4 | |a železobetón |2 slo | |
| 650 | 4 | |a 3D |2 eng | |
| 650 | 4 | |a cinema |2 eng | |
| 650 | 4 | |a concrete |2 eng | |
| 650 | 4 | |a reinforcement |2 eng | |
| 700 | 1 | |a Bartók, Andrej |u 010110 |k Z8 |4 ths |U SvF Stavebná fakulta |T SvF Katedra betónových konštrukcií a mostov |X 2747 |U V110 |Y 11 |7 A000002747 | |
| 856 | 4 | |u http://is.stuba.sk/zp/portal_zp.pl?podrobnosti=118113 | |
| 856 | 4 | |u https://opac.crzp.sk/?fn=detailBiblioForm&sid=427371B0090519B80143D321842E | |
| SQL | |a stuzp59395 |b DDP |c SLO |d 3D kino. Monolitická železobetónová nosná konštrukcia. |e 7738 |f Pauhof, Lukáš |g 010110 |h 2747 |i Bartók, Andrej |j 20160614 |k 945 |l 01 |m http://is.stuba.sk/zp/portal_zp.pl?podrobnosti=118113 |n I-NKS |o 5.1.5. inžinierske konštrukcie a dopravné stavby | ||